Merger of Manipur (Record no. 220875)
[ view plain ]
| 000 -LEADER | |
|---|---|
| fixed length control field | 00577nam a22002057a 4500 |
| 005 - DATE AND TIME OF LATEST TRANSACTION | |
| control field | 20211204124545.0 |
| 008 - FIXED-LENGTH DATA ELEMENTS--GENERAL INFORMATION | |
| fixed length control field | 211204b ||||| |||| 00| 0 eng d |
| 040 ## - CATALOGING SOURCE | |
| Transcribing agency | AL |
| 082 ## - DEWEY DECIMAL CLASSIFICATION NUMBER | |
| Edition number | 23 |
| Classification number | 324.60 |
| Item number | SINM |
| 100 ## - MAIN ENTRY--PERSONAL NAME | |
| Personal name | H Bhuban Singh |
| 100 ## - MAIN ENTRY--PERSONAL NAME | |
| 9 (RLIN) | 11209 |
| 245 ## - TITLE STATEMENT | |
| Title | Merger of Manipur |
| 260 ## - PUBLICATION, DISTRIBUTION, ETC. | |
| Place of publication, distribution, etc. | Manipur |
| Name of publisher, distributor, etc. | Pritam Haobam |
| Date of publication, distribution, etc. | 1988 |
| 300 ## - PHYSICAL DESCRIPTION | |
| Extent | viii,334 p,vii |
| Other physical details | HB |
| Dimensions | 22x14 cm. |
| 365 ## - TRADE PRICE | |
| Price amount | 200.00 |
| Currency code | ₹ |
| Unit of pricing | 200.00 |
| 650 ## - SUBJECT ADDED ENTRY--TOPICAL TERM | |
| Topical term or geographic name entry element | Political Process |
| 9 (RLIN) | 11210 |
| 650 ## - SUBJECT ADDED ENTRY--TOPICAL TERM | |
| Topical term or geographic name entry element | Political Science |
| 9 (RLIN) | 11211 |
| 650 ## - SUBJECT ADDED ENTRY--TOPICAL TERM | |
| Topical term or geographic name entry element | British Influence |
| 9 (RLIN) | 11212 |
| 700 ## - ADDED ENTRY--PERSONAL NAME | |
| Personal name | SINGH (H Bhuban) |
| 9 (RLIN) | 11213 |
| 942 ## - ADDED ENTRY ELEMENTS (KOHA) | |
| Source of classification or shelving scheme | Dewey Decimal Classification |
| Koha item type | George Fernandes Collections |
| Withdrawn status | Lost status | Source of classification or shelving scheme | Damaged status | Not for loan | Collection code | Home library | Current library | Date acquired | Total Checkouts | Full call number | Barcode | Date last seen | Price effective from | Koha item type |
|---|---|---|---|---|---|---|---|---|---|---|---|---|---|---|
| Dewey Decimal Classification | Others | St Aloysius Library | St Aloysius Library | 03/24/2013 | 324.60 SINM | GF00788 | 12/04/2021 | 12/04/2021 | George Fernandes Collections |